NBA All-Stars by Position - Shooting Guards - Statistics

General Stats
  • This quiz has been taken 10 times
  • The average score is 37 of 93
Answer Stats
Team # of All-Star Selections Last All-Star Selection Player % Correct
Philadelphia 76ers 11 2010 Allen Iverson
100%
Miami Heat 13 2019 Dwyane Wade
100%
Los Angeles Lakers 18 2016 Kobe Bryant
100%
Chicago Bulls 14 2003 Michael Jordan
100%
Seattle SuperSonics 10 2011 Ray Allen
100%
Cleveland Cavaliers 1 1974 Austin Carr
90%
Portland Trail Blazers 10 1997 Clyde Drexler
90%
Toronto Raptors 6 2023 DeMar DeRozan
90%
Phoenix Suns 5 2026 Devin Booker
90%
San Antonio Spurs 9 1985 George Gervin
90%
San Antonio Spurs 2 2011 Manu Ginóbili
90%
Indiana Pacers 5 2000 Reggie Miller
90%
Toronto Raptors 8 2007 Vince Carter
90%
Denver Nuggets 4 1983 David Thompson
80%
Cleveland Cavaliers 7 2026 Donovan Mitchell
80%
Golden State Warriors 5 2019 Klay Thompson
80%
Orlando Magic 7 2007 Tracy McGrady
80%
Minnesota Timberwolves 4 2026 Anthony Edwards
70%
Detroit Pistons 6 1997 Joe Dumars
70%
Portland Trail Blazers 3 2010 Brandon Roy
60%
Atlanta Hawks 2 1981 Eddie Johnson
60%
Oklahoma City Thunder 1 2025 Jalen Williams
60%
Atlanta Hawks 7 2014 Joe Johnson
60%
Chicago Bulls 2 2022 Zach LaVine
60%
Orlando Magic 4 1998 Anfernee Hardaway
50%
Boston Celtics 8 1960 Bill Sharman
50%
Washington Wizards 3 2021 Bradley Beal
50%
New York Knicks 4 1977 Earl Monroe
50%
Los Angeles Lakers 3 2000 Eddie Jones
50%
Philadelphia 76ers 10 1970 Hal Greer
50%
Sacramento Kings 6 1998 Mitch Richmond
50%
New Orleans Jazz 5 1979 Pete Maravich
50%
Boston Celtics 5 1968 Sam Jones
50%
Los Angeles Lakers 5 1975 Gail Goodrich
40%
New York Knicks 1 1994 John Starks
40%
Atlanta Hawks 1 2015 Kyle Korver
40%
Atlanta Hawks 6 1974 Lou Hudson
40%
Boston Celtics 1 1992 Reggie Lewis
40%
Detroit Pistons 3 2008 Richard Hamilton
40%
New York Knicks 6 1963 Richie Guerin
40%
Dallas Mavericks 4 1990 Rolando Blackman
40%
Milwaukee Bucks 5 1986 Sidney Moncrief
40%
Miami Heat 1 2025 Tyler Herro
40%
Phoenix Suns 6 1987 Walter Davis
40%
Cincinnati Royals 1 1966 Adrian Smith
30%
New York Knicks 2 2001 Allan Houston
30%
Phoenix Suns 3 1975 Charlie Scott
30%
Phoenix Suns 3 1995 Dan Majerle
30%
Boston Celtics 1 1988 Danny Ainge
30%
Philadelphia 76ers 1 1991 Hersey Hawkins
30%
Washington Bullets 2 1987 Jeff Malone
30%
Chicago Bulls 2 1969 Jerry Sloan
30%
Milwaukee Bucks 1 1969 Jon McGlocklin
30%
Milwaukee Bucks 1 2004 Michael Redd
30%
Phoenix Suns 5 1981 Paul Westphal
30%
Golden State Warriors 2 1977 Phil Smith
30%
Buffalo Braves 2 1978 Randy Smith
30%
Chicago Bulls 2 1983 Reggie Theus
30%
Milwaukee Bucks 1 1991 Ricky Pierce
30%
Atlanta Hawks 1 1998 Steve Smith
30%
Indiana Pacers 2 2019 Victor Oladipo
30%
San Antonio Spurs 4 1991 Alvin Robertson
20%
Rochester Royals 5 1956 Bobby Wanzer
20%
New York Knicks 1 1968 Dick Barnett
20%
Phoenix Suns Roster 3 1971 Dick Van Arsdale
20%
Baltimore Bullets 5 1967 Don Ohl
20%
Philadelphia 76ers 4 1979 Doug Collins
20%
Seattle SuperSonics 1 1976 Fred Brown
20%
Phoenix Suns 1 1992 Jeff Hornacek
20%
Detroit Pistons 2 2001 Jerry Stackhouse
20%
New York Knicks 1 1952 Max Zaslofsky
20%
Miami Heat 1 2026 Norman Powell
20%
Philadelphia Warriors 5 1964 Tom Gola
20%
San Diego Clippers 1 1980 World B. Free
20%
Philadelphia 76ers 2 1984 Andrew Toney
10%
Portland Trail Blazers 2 1974 Geoff Petrie
10%
Detroit Pistons 2 1972 Jimmy Walker
10%
Kansas City Kings 4 1984 Otis Birdsong
10%
Syracuse Nationals 3 1955 Paul Seymour
10%
Washington Bullets 3 1977 Phil Chenier
10%
Syracuse Nationals 1 1953 Bill Gabor
0%
St. Louis Hawks 1 1956 Bob Harrison
0%
Milwaukee Bucks 2 1978 Brian Winters
0%
Detroit Pistons 1 1960 Chuck Noble
0%
Milwaukee Hawks 1 1954 Don Sunderlage
0%
Detroit Pistons 1 1966 Eddie Miles
0%
Fort Wayne Pistons 2 1952 Frankie Brian
0%
Los Angeles Lakers 2 1962 Frank Selvy
0%
San Francisco Warriors 3 1971 Jeff Mullins
0%
Portland Trail Blazers 2 1984 Jim Paxton
0%
Indianapolis Olympians 1 1952 Paul Walther
0%
Indianapolis Olympians 1 1951 Ralph Beard
0%
Minneapolis Lakers 4 1960 Richard Garmaker
0%
No matching quizzes found
Score Distribution
Percent of People with Each Score
Percentile by Number Answered
Your Score History
You have not taken this quiz